000 00457nam a2200193Ia 4500
005 20240823030554.0
008 240823s9999||||xx |||||||||||||| ||und||
020 _a978-02-3032-200-4
041 _aENGLISH
082 _A621.3121 Q1
100 _aSinghal B L
245 0 _aPower Plant Engineering
250 _a1st
260 _c2011
_b"Macmillan India Ltd,"
500 _aYES
650 _aPower Plant
_bElectrical
942 _cBK
999 _c189012
_d189012